New Zealand All Blacks Rugby - Most tests as captain by a back - Statistics

General Stats
  • This quiz has been taken 136 times
  • The average score is 4 of 7
Answer Stats
Tests as Captain Years as Captain Player % Correct
21 2004-2005 Tana Umaga
98%
11 1986-1987 David Kirk
81%
4 1997 Justin Marshall
75%
3 2009 Mils Muliaina
69%
6 1946-1949 Fred Allen
37%
3 1980 Dave Loveridge
34%
5 1949-1950 Ron Elvidge
11%
No matching quizzes found
Score Distribution
Percent of People with Each Score
Percentile by Number Answered
Your Score History
You have not taken this quiz